[Event "Brno op"]
[Site "Brno"]
[Date "2015.08.26"]
[Round "5"]
[White "Dvorakova, Olga"]
[Black "Spodny, Josef"]
[Result "1/2-1/2"]
[WhiteElo "1446"]
[BlackElo "1959"]
[PlyCount "36"]
[EventDate "2015.08.23"]
[EventType "swiss"]
[EventRounds "9"]
[EventCountry "CZE"]
[SourceTitle "EXT 2016"]
[Source "ChessBase"]
[SourceDate "2015.10.08"]
[SourceVersion "1"]
[SourceVersionDate "2015.10.08"]
[SourceQuality "1"]

1. d4 Nf6 2. Nf3 e6 3. Bg5 c5 4. e3 Qb6 5. Nbd2 d5 6. Bd3 c4 7. Be2 Qxb2 8. Bxf6 gxf6 9. 0-0 Nc6 10. e4 Be7 11. exd5 exd5 12. Re1 Bf5 13. Rc1 0-0-0 14. c3 Qb5 15. Nh4 Be6 16. Bg4 f5 17. Nxf5 Ba3 18. Rc2 Rhg8 1/2-1/2

[Event "Brno op 5th"]
[Site "Brno"]
[Date "2014.11.21"]
[Round "8"]
[White "Simkin, Alexander"]
[Black "Spodny, Josef"]
[Result "1/2-1/2"]
[WhiteElo "1890"]
[BlackElo "1981"]
[PlyCount "20"]
[EventDate "2014.11.15"]
[EventType "swiss"]
[EventRounds "9"]
[EventCountry "CZE"]
[SourceTitle "CBM 163 Extra"]
[Source "ChessBase"]
[SourceDate "2014.12.23"]
[SourceVersion "1"]
[SourceVersionDate "2014.12.23"]
[SourceQuality "1"]

1. d4 Nf6 2. c4 e6 3. Nc3 Bb4 4. Qc2 d5 5. e3 0-0 6. Bd3 c5 7. a3 Bxc3+ 8. bxc3 Nc6 9. Nf3 Qc7 10. 0-0 b6 1/2-1/2

[Event "Brno op 5th"]
[Site "Brno"]
[Date "2014.11.19"]
[Round "5"]
[White "Spodny, Josef"]
[Black "Sernecki, Franciszek"]
[Result "1/2-1/2"]
[WhiteElo "1981"]
[BlackElo "1903"]
[PlyCount "144"]
[EventDate "2014.11.15"]
[EventType "swiss"]
[EventRounds "9"]
[EventCountry "CZE"]
[SourceTitle "CBM 163 Extra"]
[Source "ChessBase"]
[SourceDate "2014.12.23"]
[SourceVersion "1"]
[SourceVersionDate "2014.12.23"]
[SourceQuality "1"]

1. d4 d5 2. Nf3 e6 3. Bg5 Be7 4. Bxe7 Qxe7 5. Nbd2 Nf6 6. e3 0-0 7. Bd3 c5 8. 0-0 Nc6 9. Bb5 Bd7 10. a4 a6 11. Bxc6 bxc6 12. Nb3 Ne4 13. Nfd2 Nxd2 14. Qxd2 cxd4 15. exd4 Rfb8 16. f4 Qb4 17. Rf2 Be8 18. Ra3 Qxd2 19. Rxd2 Rb7 20. Kf2 Rab8 21. Nc5 Rxb2 22. Nxa6 Ra8 23. Nc5 Ra7 24. Rb3 Rxb3 25. cxb3 Kf8 26. Rb2 Ra8 27. Ke3 Ke7 28. Kd3 Kd6 29. Kc3 Bd7 30. Re2 Rg8 31. Rf2 f6 32. g3 h5 33. b4 Ra8 34. Rb2 Rb8 35. Rg2 f5 36. h4 Rh8 37. Re2 Rb8 38. Ra2 Ra8 39. Nd3 Ra7 40. Ne5 Ra8 41. Nd3 Ra7 42. Nc5 Ra8 43. Rb2 Rb8 44. Rb3 Ke7 45. Rb1 Kd6 46. Re1 Ke7 47. Nb3 Ra8 48. Ra1 Kd6 49. Nd2 Ra7 50. Nb1 Ke7 51. Kb3 Ra8 52. Nc3 Kd6 53. Re1 Rb8 54. Rc1 Rb7 55. Nd1 Rb8 56. Nf2 Ra8 57. Nd3 Rb8 58. Ne5 Ra8 59. Nxd7 Kxd7 60. Rc5 Ra7 61. Ra5 Rb7 62. Ra8 Ke7 63. Rg8 Kd6 64. Rh8 Ke7 65. Rxh5 Rb8 66. Rh7 Kf7 67. Rh5 Kf6 68. Rg5 Rh8 69. b5 Rb8 70. Kb4 cxb5 71. axb5 Rc8 72. b6 Rc6 1/2-1/2

[Event "Brno op 5th"]
[Site "Brno"]
[Date "2014.11.15"]
[Round "1"]
[White "Spodny, Josef"]
[Black "Svoboda, Zdenek1111"]
[Result "1/2-1/2"]
[WhiteElo "1981"]
[BlackElo "1691"]
[PlyCount "37"]
[EventDate "2014.11.15"]
[EventType "swiss"]
[EventRounds "9"]
[EventCountry "CZE"]
[SourceTitle "CBM 163 Extra"]
[Source "ChessBase"]
[SourceDate "2014.12.23"]
[SourceVersion "1"]
[SourceVersionDate "2014.12.23"]
[SourceQuality "1"]

1. e4 c6 2. d4 d5 3. e5 Bf5 4. c3 e6 5. Be3 Nd7 6. Qb3 Qb6 7. Nd2 Ne7 8. Ngf3 Ng6 9. Be2 Be7 10. 0-0 0-0 11. Bg5 Bxg5 12. Nxg5 Nf4 13. Rfe1 Nxe2+ 14. Rxe2 Rfc8 15. Ngf3 c5 16. Qxb6 axb6 17. a3 h6 18. Ree1 c4 19. Nf1 1/2-1/2

[Event "Brno CEZ op"]
[Site "Brno"]
[Date "2014.08.30"]
[Round "8"]
[White "Glozar, Petr"]
[Black "Spodny, Josef"]
[Result "1/2-1/2"]
[WhiteElo "1566"]
[BlackElo "2007"]
[PlyCount "73"]
[EventDate "2014.08.24"]
[EventType "swiss"]
[EventRounds "9"]
[EventCountry "CZE"]
[SourceTitle "CBM 162 Extra"]
[Source "ChessBase"]
[SourceDate "2014.10.17"]
[SourceVersion "1"]
[SourceVersionDate "2014.10.17"]
[SourceQuality "1"]

1. e4 c6 2. d4 g6 3. c3 Bg7 4. Bf4 d6 5. Nf3 Bg4 6. Bc4 Bxf3 7. Qxf3 e6 8. 0-0 Ne7 9. d5 cxd5 10. exd5 e5 11. Bb5+ Nd7 12. Bg5 0-0 13. Bxd7 Qxd7 14. Nd2 f6 15. Be3 f5 16. Nb3 f4 17. Bd2 Qb5 18. Rad1 Qa4 19. Ra1 Rf5 20. Rfe1 Rc8 21. Re4 Rc4 22. Nd4 Rxd4 23. cxd4 Qc2 24. Bc3 Nxd5 25. Re2 e4 26. Qxe4 Qxe4 27. Rxe4 Rf8 28. Rae1 Kf7 29. g3 g5 30. gxf4 gxf4 31. h3 Bf6 32. Kh2 Kg6 33. Re8 Rf7 34. Rg8+ Kf5 35. Rg4 Bg5 36. Reg1 Bf6 37. Re1 1/2-1/2

[Event "Brno CEZ op"]
[Site "Brno"]
[Date "2014.08.25"]
[Round "3"]
[White "Spodny, Josef"]
[Black "Svanda, Adam"]
[Result "1-0"]
[WhiteElo "2007"]
[BlackElo "1486"]
[PlyCount "49"]
[EventDate "2014.08.24"]
[EventType "swiss"]
[EventRounds "9"]
[EventCountry "CZE"]
[SourceTitle "CBM 162 Extra"]
[Source "ChessBase"]
[SourceDate "2014.10.17"]
[SourceVersion "1"]
[SourceVersionDate "2014.10.17"]
[SourceQuality "1"]

1. e4 d5 2. Nc3 d4 3. Nce2 e5 4. Ng3 Bd6 5. Bc4 Nf6 6. d3 Bd7 7. N1e2 0-0 8. 0-0 Nc6 9. a3 a6 10. Bg5 h6 11. Bd2 b5 12. Bb3 Ne7 13. c3 c5 14. cxd4 cxd4 15. h3 Rc8 16. f4 Nc6 17. f5 Re8 18. Nh1 Kf8 19. Neg3 Qe7 20. Nh5 Nxh5 21. Qxh5 Rc7 22. f6 gxf6 23. Qxh6+ Kg8 24. Rxf6 Qf8 25. Rg6+ 1-0

[Event "Brno op 4th"]
[Site "Brno"]
[Date "2013.11.23"]
[Round "9"]
[White "Blahynka, Martin"]
[Black "Spodny, Josef"]
[Result "1/2-1/2"]
[WhiteElo "2188"]
[BlackElo "2014"]
[PlyCount "32"]
[EventDate "2013.11.16"]
[EventType "swiss"]
[EventRounds "9"]
[EventCountry "CZE"]
[SourceTitle "CBM 157 Extra"]
[Source "ChessBase"]
[SourceDate "2013.12.19"]
[SourceVersion "1"]
[SourceVersionDate "2013.12.19"]
[SourceQuality "1"]

1. e4 g6 2. d4 c6 3. c4 d6 4. Nc3 Nd7 5. Nf3 Bg7 6. Ne2 e5 7. Be3 Ngf6 8. h3 0-0 9. d5 c5 10. Qd2 a6 11. Rb1 Nh5 12. g4 Nf4 13. Bxf4 exf4 14. Qxf4 Ne5 15. Nxe5 Bxe5 16. Qd2 Qh4 1/2-1/2

[Event "Brno op 4th"]
[Site "Brno"]
[Date "2013.11.17"]
[Round "3"]
[White "Kreyssig, Bruno"]
[Black "Spodny, Josef"]
[Result "1/2-1/2"]
[WhiteElo "1837"]
[BlackElo "2014"]
[PlyCount "88"]
[EventDate "2013.11.16"]
[EventType "swiss"]
[EventRounds "9"]
[EventCountry "CZE"]
[SourceTitle "CBM 157 Extra"]
[Source "ChessBase"]
[SourceDate "2013.12.19"]
[SourceVersion "1"]
[SourceVersionDate "2013.12.19"]
[SourceQuality "1"]

1. e4 g6 2. d4 Bg7 3. Be3 c6 4. Nc3 d5 5. Qd2 Qa5 6. exd5 cxd5 7. Bb5+ Bd7 8. Nxd5 Qxd2+ 9. Kxd2 Bxb5 10. Nc7+ Kd7 11. Nxb5 Nf6 12. Nf3 Ne4+ 13. Kd3 Nd6 14. Nxd6 exd6 15. Rhe1 Nc6 16. c3 h6 17. Re2 Rhe8 18. Rae1 b6 19. Nd2 Re7 20. Bf4 Rae8 21. Rxe7+ Rxe7 22. Rxe7+ Nxe7 23. Nc4 Nc8 24. a4 Kc6 25. b4 a6 26. b5+ axb5 27. axb5+ Kxb5 28. Nxd6+ Nxd6 29. Bxd6 Kc6 30. Bb4 b5 31. c4 bxc4+ 32. Kxc4 Bf6 33. d5+ Kd7 34. h3 h5 35. Kd3 Bd8 36. Ke4 Bc7 37. f3 f5+ 38. Ke3 Be5 39. Bc5 Bc7 40. d6 Bd8 41. Kf4 Bf6 42. Bb4 Ke6 43. Ba3 g5+ 44. Ke3 Be5 1/2-1/2

[Event "Brno Duras op-A"]
[Site "Brno"]
[Date "2013.06.28"]
[Round "7"]
[White "Spodny, Josef"]
[Black "Majer, Jiri"]
[Result "1/2-1/2"]
[WhiteElo "2031"]
[BlackElo "2024"]
[PlyCount "20"]
[EventDate "2013.06.22"]
[EventType "swiss"]
[EventRounds "9"]
[EventCountry "CZE"]
[SourceTitle "CBM 155 Extra"]
[Source "ChessBase"]
[SourceDate "2013.08.26"]
[SourceVersion "1"]
[SourceVersionDate "2013.08.26"]
[SourceQuality "1"]

1. e4 c6 2. d4 d5 3. e5 Bf5 4. c3 e6 5. Qb3 Qb6 6. Be3 Nd7 7. Nf3 h6 8. Nbd2 Ne7 9. Be2 Bh7 10. 0-0 Nf5 1/2-1/2

[Event "Brno Trade op-A 37th"]
[Site "Brno"]
[Date "2012.08.30"]
[Round "6"]
[White "Spodny, Josef"]
[Black "Havel, Vojtech"]
[Result "1/2-1/2"]
[WhiteElo "2040"]
[BlackElo "1797"]
[PlyCount "23"]
[EventDate "2012.08.26"]
[EventType "swiss"]
[EventRounds "9"]
[EventCountry "CZE"]
[SourceTitle "CBM 150 Extra"]
[Source "ChessBase"]
[SourceDate "2012.10.19"]
[SourceVersion "1"]
[SourceVersionDate "2012.10.19"]
[SourceQuality "1"]

1. e4 c6 2. d4 d5 3. e5 c5 4. dxc5 Nc6 5. Bb5 e6 6. Nf3 Bxc5 7. 0-0 Bd7 8. Nc3 a6 9. Bd3 f6 10. Qe2 Nd4 11. Nxd4 Bxd4 12. Qh5+ 1/2-1/2

[Event "Brno Trade op-A 37th"]
[Site "Brno"]
[Date "2012.08.27"]
[Round "3"]
[White "Strebkovs, Andrejs"]
[Black "Spodny, Josef"]
[Result "1-0"]
[WhiteElo "2345"]
[BlackElo "2040"]
[PlyCount "119"]
[EventDate "2012.08.26"]
[EventType "swiss"]
[EventRounds "9"]
[EventCountry "CZE"]
[SourceTitle "CBM 150 Extra"]
[Source "ChessBase"]
[SourceDate "2012.10.19"]
[SourceVersion "1"]
[SourceVersionDate "2012.10.19"]
[SourceQuality "1"]

1. g3 d5 2. Bg2 Nf6 3. d3 e6 4. Nd2 Bc5 5. e3 0-0 6. Ngf3 Nc6 7. 0-0 a5 8. d4 Be7 9. c4 Nb4 10. a3 Nd3 11. Qe2 Nxc1 12. Raxc1 c6 13. Rfd1 a4 14. e4 dxe4 15. Nxe4 Nxe4 16. Qxe4 Bf6 17. c5 Qd5 18. Qc2 Qh5 19. Re1 Rd8 20. Rcd1 g6 21. Qe4 Qf5 22. Qe3 Qc2 23. Rd2 Qf5 24. h3 Bg7 25. Ne5 Qf6 26. Qc3 Qe7 27. Nc4 Qc7 28. Nb6 Ra7 29. Qb4 Bd7 30. Nxa4 Qa5 31. Qxa5 Rxa5 32. Nb6 Be8 33. Red1 Bf6 34. a4 Rb8 35. b4 Ra7 36. a5 Bd8 37. Nc4 Bc7 38. Ne3 Kg7 39. Nc4 Kf8 40. Rb1 Rd8 41. Rbd1 Kg7 42. Bf3 Kf8 43. Ra2 Ke7 44. Be2 f6 45. Ne3 Kf7 46. Bc4 Ke7 47. Re2 Kf7 48. Bb3 Bd7 49. Rde1 Re8 50. Nc4 Raa8 51. Nb6 Bxb6 52. cxb6 Rab8 53. f4 Rbd8 54. g4 f5 55. b5 Ra8 56. bxc6 bxc6 57. gxf5 gxf5 58. Re5 Kf6 59. Kf2 Rab8 60. Bc4 1-0

[Event "Brno Trade op-A 37th"]
[Site "Brno"]
[Date "2012.08.26"]
[Round "1"]
[White "Kucera, Petr1111"]
[Black "Spodny, Josef"]
[Result "1/2-1/2"]
[WhiteElo "1972"]
[BlackElo "2040"]
[PlyCount "22"]
[EventDate "2012.08.26"]
[EventType "swiss"]
[EventRounds "9"]
[EventCountry "CZE"]
[SourceTitle "CBM 150 Extra"]
[Source "ChessBase"]
[SourceDate "2012.10.19"]
[SourceVersion "1"]
[SourceVersionDate "2012.10.19"]
[SourceQuality "1"]

1. e4 e6 2. d4 d5 3. Nc3 Bb4 4. e5 Qd7 5. a3 Bxc3+ 6. bxc3 b6 7. Bd3 Ba6 8. Qg4 f5 9. Qh5+ g6 10. Qe2 Bxd3 11. cxd3 Nc6 1/2-1/2